LEADER 01140nam a2200265 u 4500 001 000000029674 003 CaOOAMICUS 005 20070226111937.0 008 970516s1984 pl u000 u pol u 035 $a10761803 040 $aBAV$bita$dIAR 245 00$aMedytacja /$cpraca zbiorowa pod redakcj{ogon}a Waleriana S?omki. 260 $aLublin :$b[Towarzystwo Naukowe Katolickiego Uniwersytetu Lubelskiego],$c1984. 300 $a183 p. ;$c24 cm 490 1 $aHomo meditans ;$v1 490 1 $aRozprawy wydzia?u teologiczno-kanonicznego ;$v61 700 1 $aS?omka, Walerian.$0(OLS)http://pul/name/23992 830 0$aHomo meditans ;$v1.$0(OLS)http://pul/title/40656 830 0$aRozprawy wydzia?u teologiczno-kanonicznego ;$v61.$0(OLS)http://pul/title/2376 850 $aPUL 852 $aPUL$W1$xSL Religione 1$y3$m41 F 82$j41068$nBK-PRI$b $qStampati$B41068$CPULBib$Z2$F41068 $H $81 941 1 $a8 961 $aINV: 53602 996 $6245$aMedytacja$9(OLS)http://pul/title/40655 996 $6260$aLublin :$b[Towarzystwo Naukowe Katolickiego Uniwersytetu Lubelskiego]$9(OLS)http://pul/publisher/60423 LEADER 01069nam a2200241 u 4500 001 000000019868 003 CaOOAMICUS 005 20070226110833.0 008 941001s1970 it u000 u ita u 035 $a10479026 040 $aPUL(R)$bita 100 1 $aNicolosi, Salvatore,$d1923-2012.$0(OLS)http://pul/name/7858 245 12$aL'Odissea della ragione :$bil primo Blondel e l'itinerario della filosofia /$cSalvatore Nicolosi. 260 $aRoma :$b[Ed. "La Roccia"],$c1970. 300 $a339 p. ;$c24 cm 500 $aNel verso del front.: Università di Roma, Facoltà di Magistero. 504 $aBibliografia: pp. 315-334 600 14$aBlondel, Maurice,$d1861-1949$xCritica e interpretazione.$0(OLS)http://pul/subject/550 850 $aPUL 852 $aPUL$W1$xDP1 Fondo Giannini$y60$m1557 E 9$j27849$nBK-PRI$b $qFondi$B27849$CPULBib$Z2$F27849 $81 941 1 $a1 996 $6245$aL'Odissea della ragione :$bil primo Blondel e l'itinerario della filosofia$9(OLS)http://pul/title/11483 996 $6260$aRoma :$b[Ed. "La Roccia"]$9(OLS)http://pul/publisher/56306